Principles of technical drawing / (Record no. 12148)
[ view plain ]
| 000 -LEADER | |
|---|---|
| fixed length control field | 01065cam a2200253 a 4500 |
| 001 - CONTROL NUMBER | |
| control field | 2488918 |
| 005 - DATE AND TIME OF LATEST TRANSACTION | |
| control field | 20080422111048.0 |
| 008 - FIXED-LENGTH DATA ELEMENTS--GENERAL INFORMATION | |
| fixed length control field | 911108s1992 nyua 001 0 eng |
| 010 ## - LIBRARY OF CONGRESS CONTROL NUMBER | |
| LC control number | 91042571 |
| 020 ## - INTERNATIONAL STANDARD BOOK NUMBER | |
| International Standard Book Number | 0023437359 |
| 040 ## - CATALOGING SOURCE | |
| Original cataloging agency | DLC |
| Transcribing agency | DLC |
| Modifying agency | DLC |
| 050 00 - LIBRARY OF CONGRESS CALL NUMBER | |
| Classification number | T353 |
| Item number | .P848 1992 |
| 082 00 - DEWEY DECIMAL CLASSIFICATION NUMBER | |
| Classification number | 604.2 |
| Edition number | 20 |
| Item number | GIE |
| 245 00 - TITLE STATEMENT | |
| Title | Principles of technical drawing / |
| Statement of responsibility, etc | Frederick E. Giesecke ... [et al.]. |
| 260 ## - PUBLICATION, DISTRIBUTION, ETC. (IMPRINT) | |
| Place of publication, distribution, etc | New York : |
| Name of publisher, distributor, etc | Macmillan ; |
| Place of publication, distribution, etc | Toronto : |
| Name of publisher, distributor, etc | Collier Macmillan Canada ; |
| Place of publication, distribution, etc | New York : |
| Name of publisher, distributor, etc | Maxwell Macmillan International, |
| Date of publication, distribution, etc | 1992. |
| 300 ## - PHYSICAL DESCRIPTION | |
| Extent | 1 v. (various pagings) : |
| Other physical details | ill. ; |
| Dimensions | 28 cm. |
| 500 ## - GENERAL NOTE | |
| General note | Includes index. |
| 650 #0 - SUBJECT ADDED ENTRY--TOPICAL TERM | |
| Topical term or geographic name as entry element | Mechanical drawing. |
| 9 (RLIN) | 7355 |
| 700 1# - ADDED ENTRY--PERSONAL NAME | |
| Personal name | Giesecke, Frederick E. |
| Fuller form of name | (Frederick Ernest), |
| Dates associated with a name | 1869-1953. |
| 9 (RLIN) | 7356 |
| 740 0# - ADDED ENTRY--UNCONTROLLED RELATED/ANALYTICAL TITLE | |
| Uncontrolled related/analytical title | Technical drawing. |
| 942 ## - ADDED ENTRY ELEMENTS (KOHA) | |
| Source of classification or shelving scheme | Dewey Decimal Classification |
| Item type | Book - Borrowing |
| Withdrawn status | Item status | Source of classification or shelving scheme | Damaged status | Not for loan | Vendor | Home library | Current library | Shelving location | Date acquired | Source of acquisition | Cost, normal purchase price | Serial Enumeration / chronology | Total Checkouts | Full call number | Barcode | Date last seen | Date last borrowed | Koha item type |
|---|---|---|---|---|---|---|---|---|---|---|---|---|---|---|---|---|---|---|
| Dewey Decimal Classification | Alahram | Central Library | Central Library | First floor | 30/06/2009 | 237.90 | 72 | 1 | 604.2 GIE | 000016731 | 15/07/2025 | 03/10/2012 | Book - Borrowing |